Asom buranji (1826-1947) (Record no. 7405)

MARC details
000 -LEADER
fixed length control field 00539cam a2200217ua 4500
001 - CONTROL NUMBER
control field 8298
005 - DATE AND TIME OF LATEST TRANSACTION
control field 20260515114321.0
008 - FIXED-LENGTH DATA ELEMENTS--GENERAL INFORMATION
fixed length control field 150128n ii |||gr||||Z||||||asm
020 ## - INTERNATIONAL STANDARD BOOK NUMBER
International Standard Book Number 108173390091
040 ## - CATALOGING SOURCE
Transcribing agency MAIN
041 ## - LANGUAGE CODE
Language code of text/sound track or separate title asm
082 ## - DEWEY DECIMAL CLASSIFICATION NUMBER
Classification number 954.162
100 ## - MAIN ENTRY--PERSONAL NAME
Personal name Hussain, Tachadduk Amanul,
Relator term Author.
245 12 - TITLE STATEMENT
Title Asom buranji (1826-1947)
Statement of responsibility, etc. by Tachadduk Amanul Hussain
250 ## - EDITION STATEMENT
Edition statement 2nd.
260 ## - PUBLICATION, DISTRIBUTION, ETC.
Place of publication, distribution, etc. Dibrugarh:
Name of publisher, distributor, etc. Banalata,
Date of publication, distribution, etc. 2012.
300 ## - PHYSICAL DESCRIPTION
Extent 125p.
653 ## - INDEX TERM--UNCONTROLLED
Uncontrolled term South Asia India
653 ## - INDEX TERM--UNCONTROLLED
Uncontrolled term History of Assam
942 ## - ADDED ENTRY ELEMENTS (KOHA)
Koha item type Books
Holdings
Withdrawn status Lost status Damaged status Not for loan Home library Current library Shelving location Date acquired Total checkouts Full call number Barcode Date last seen Date last checked out Copy number Price effective from Koha item type
        Naharkatiya College Library Naharkatiya College Library General stacks 09/19/2020 1 954.162 | HUS 22341 07/25/2022 04/07/2022 1 09/19/2020 Books